00948nam a2200265 a 450000100100000000500170001000800410002702000150006804000250008308200190010824500900012726000680021730000210028549000100030650000430031653400340035965000370039365000150043070000390044570000330048483000160051704900090053395201230054299900170066500002290820260520104306.0101122s1986 ag r 000 0 spa d a9509432695 aDO-SdBNPbspacBNPHU a327.172bL936p03aLa lucha por la paz /cedición Charles Duryea Smith ; traducción Antonio Bonanno. aBuenos Aires, Argentina :bGrupo Editor latinoamericano,c1986. a275 p. ;c23 cm.1 aTemas aIncluye notas al pie de las páginas. aThe hundred percent challenge 0aRelaciones internacionales 9399 4aPaz9293631 aDuryea Smith, Charles,eed.9470951 aBonanno, Antonio,etr.99085 0aTemas99064 aBNGR 001054708MOaGRbGRcCTd2010-11-22iLF1l0o327.172 L936pp22908-10r2020-06-25w2020-06-25y4ZPréstamo en sala c22405d22405